00449nam a2200157Ia 450000500170000000800410001708200130005810000140007124500180008526000370010330000130014065000180015394200060017195200990017799900150027620250324133049.0240331s9999 xx 000 0 und d bJABa894 aJabbar, I 0aPuthumai penn aRajagiriyabThamil Mandramc1989 a106 p ., aShort Stories cL 001040708LaWERCLbWERCLcSSCd2024-03-31l0o 894.811 JABp2565r2024-03-31w2024-03-31yL c3866d3866